00221nam a2200085Ia 450000100070000000500170000700800410002424500510006526000190011664017020250826153442.0250824s9999 xx 000 0 und d 0a8 Dünyanın Sonu Mu Geldi?c Kate McMullan bBEYAZ BALİNA